The Evaluation of Implementation of Operational Program Environment in the Programming Period 2007-2013 from Regional Aspect

The environment determines the quality of life in regions. Since Slovakia has joined EU, she has the right to draw financial support from EU resources in the area of cohesion and structural policy. The impact of the implementation of the Operational Program Enviroment for years 2007-2013. Better con...

Descrizione completa

Salvato in:
Dettagli Bibliografici
Autore principale: Kováčik, Vladimír
Natura: Capitolo di libro
Lingua:inglese
Soggetti:
Tags: Aggiungi Tag
Nessun Tag, puoi essere il primo ad aggiungerne!!

MARC

LEADER 00000naa a2200000 4500
001 0286253
005 20241010151827.3
041 0 |a eng 
044 |a SK 
245 1 0 |a The Evaluation of Implementation of Operational Program Environment in the Programming Period 2007-2013 from Regional Aspect  |c Vladimír Kováčik 
520 |a The environment determines the quality of life in regions. Since Slovakia has joined EU, she has the right to draw financial support from EU resources in the area of cohesion and structural policy. The impact of the implementation of the Operational Program Enviroment for years 2007-2013. Better conditions of components of the environment for lives of people and business activities. 
610 2 0 |a prostredie životné 
610 2 0 |a implementácia 
610 2 0 |a regióny 
610 2 0 |a projekty 
610 2 0 |a projekty investičné 
610 2 0 |a fondy Európskej únie 
100 1 |a Kováčik, Vladimír